00226nam a2200097Ia 4500008004100000041000800041082001200049100001500061245002600076260002600102231212s1980 xx 000 0 und d aeng a621.372 aKhovakh M. aMotor Vehicle Engines aMascowbMir Pubc1980